000 00909nam a2200253Ia 4500
003 OSt
005 20221005110339.0
006 a|||||r|||| 00| 0
007 ta
008 221004b |||||||| |||| 00| 0 hin d
024 _a31301
037 _cTextual
040 _aCRL
_cCRL
_bhin
041 _2hin
_ahin
082 _aR, 152M2
100 _aवर्मा, वेद प्रकाश
245 0 _aनीतिशास्त्र के मूल सिद्धान्त
246 _aNītishāstra ke mūl siddhānta
250 _aद्वितीय संस्करण
260 _aनई दिल्ली
_bअलाईड पब्लिशर्स प्राइवेट लिमिटेड भारत
_c1982
300 _a404पृ.
_ccm.
942 _hR, 152M2
_cTEXL
_2cc
999 _c1018531
_d1018531